フューチャーシグネチャーのカードに写っている物・動物 - Statistics

General Stats
  • This quiz has been taken 14 times
  • The average score is 39 of 62
Answer Stats
アイドル名 答え % Correct
水瀬伊織 うさちゃん
93%
イヌ美
93%
星井美希 なし
86%
萩原雪歩 なし
86%
高槻やよい なし
86%
菊地真 なし
86%
春日未来 なし
86%
徳川まつり なし
86%
望月杏奈 なし
86%
高坂海美 なし
86%
86%
豊川風花
86%
百瀬莉緒 なし
86%
如月千早 マイク
79%
箱崎星梨花 バイオリン
79%
七尾百合子
79%
フライパン
79%
北沢志保 黒猫のぬいぐるみ
79%
マイク
79%
我那覇響 ハム蔵
71%
高山紗代子 ハリ子
71%
松田亜利沙 カメラ
71%
エミリー 扇子
71%
木下ひなた りんご
71%
矢吹可奈 けるちゃん
71%
ボール
71%
北上麗花 ラッパ
71%
周防桃子 踏み台
71%
ジュリア ギター
71%
双海亜美 パペット人形
64%
双海真美 パペット人形
64%
最上静香 ショルダーキーボード
64%
天空橋朋花
64%
四条貴音 望遠鏡
57%
秋月律子 パソコン
57%
三浦あずさ 地図
57%
田中琴葉 台本
57%
佐竹美奈子 皿(チャーハン)
57%
野々原茜 皿(プリン)
57%
ロコ ペン
57%
真壁瑞希 マジックハット
57%
永吉昴 グローブ
57%
桜守歌織 指揮棒
57%
スケッチブック
50%
中谷育 フライ返し
50%
大神環 虫取り網
50%
バスケット
50%
福田のり子 ヘルメット
50%
ステッキ
50%
白石紬
50%
ボウル(クリーム)
50%
天海春香 泡立て器
50%
伊吹翼 バッグ
43%
所恵美 携帯
43%
馬場このみ メガホン
43%
横山奈緒 中華まん
36%
二階堂千鶴 ティーカップ
36%
宮尾美也 ひまわり
36%
手帳
29%
島原エレナ クラッカー
21%
篠宮可憐 アロマキャンドル
21%
舞浜歩 イヤホン
14%
No matching quizzes found
Score Distribution
Percent of People with Each Score
Percentile by Number Answered
Your Score History
You have not taken this quiz